| 000 | 01868cam a2200397 i 4500 | ||
|---|---|---|---|
| 999 |
_c2490 _d2490 |
||
| 001 | 716146 | ||
| 003 | INLPI | ||
| 005 | 20230613110317.0 | ||
| 008 | 180308t20052016enka d 001 0 eng d | ||
| 020 | _a9781471865138 | ||
| 035 | _a(SPYDUS)710169 | ||
| 040 |
_aNLPI _beng _cNLPI _dNLPI _dKH8 _erda |
||
| 042 | _anbic | ||
| 082 | 0 | _a570 HAY | |
| 100 | 1 |
_aHayward, Dave _eauthor |
|
| 245 | 1 | 0 |
_aCambridge IGCSE Biology: _pstudy and revision guide / _cDave Hayward. |
| 246 | 3 | 0 | _aIGCSE biology. |
| 246 | 3 | 0 | _aBiology. |
| 246 | 3 | 0 | _aStudy and revision guide. |
| 250 | _aSecond edition. | ||
| 264 | 1 |
_aLondon : _bHodder Education, _c2005. |
|
| 264 | 4 | _c©2016. | |
| 300 |
_avii, 159 pages : _bcolor illustrations; _c29 cm. |
||
| 336 |
_atext _btxt _2rdacontent. |
||
| 336 |
_astill image _bsti _2rdacontent. |
||
| 337 |
_aunmediated _bn _2rdamedia. |
||
| 338 |
_avolume _bnc _2rdacarrie. |
||
| 500 | _aIncludes index. | ||
| 520 | 8 | _aProviding guidance that helps students practice and troubleshoot their exam technique, these books send them into their exam with the confidence to aim for the best grades. - Enables students to avoid common misconceptions and mistakes by highlighting them throughout- Builds students' skills constructing and writing answers as they progress through a range of practice questions- Allows students to mark their own responses and easily identify areas for improvement using the answers in the back of the book- Helps students target their revision and focus on important concepts and. | |
| 650 | 0 |
_aBiology _xExaminations _vStudy guides. |
|
| 650 | 0 |
_aBiology _vExaminations, questions, etc. |
|
| 650 | 0 |
_aBiology _vProblems, exercises, etc. |
|
| 650 | 0 |
_aInternational General Certificate of Secondary Education _vStudy guides. |
|
| 710 | 2 | _aInternational General Certificate of Secondary Education (IGCSE) | |
| 942 |
_2ddc _cNFIC |
||